1938 FIFA World Cup Team Logos - Statistics

General Stats
  • This quiz has been taken 59 times
  • The average score is 12 of 15
Answer Stats
Picture Answer % Correct
Brazil
100%
France
98%
Norway
98%
Sweden
98%
Switzerland
98%
Netherlands
96%
Cuba
90%
Germany
90%
Hungary
90%
Poland
78%
Czechoslovakia
69%
Belgium
63%
Italy
63%
Dutch East Indies
49%
Romania
45%
No matching quizzes found
Score Distribution
Percent of People with Each Score
Percentile by Number Answered
Your Score History
You have not taken this quiz